|
|
|
|
| LEADER |
00000nam a2200000 4500 |
| 001 |
vtls011982643 |
| 003 |
SK-MaSNL |
| 005 |
20260301145647.0 |
| 008 |
250313s1940 xo o gr 000 0 hun |
| 015 |
|
|
|a SNBA1940
|
| 020 |
|
|
|q (brožované)
|
| 035 |
|
|
|a urn:nbn:sk:snk-am00en95
|
| 035 |
|
|
|a urn:nbn:sk:snk-am3ikiq
|
| 035 |
|
|
|a DBC8D394-B65D-4200-8292-278FCA2099D3
|
| 040 |
|
|
|a SNK
|b slo
|c SNK
|e rda
|
| 041 |
0 |
|
|a hun
|
| 043 |
|
|
|a e-xo---
|
| 044 |
|
|
|a xo
|c SK
|
| 072 |
|
7 |
|a 911
|x Všeobecná geografia. Systematická geografia
|2 konspekt
|
| 080 |
|
|
|a 911.375(091)
|2 2011
|
| 080 |
|
|
|a (437)
|2 2011
|
| 080 |
|
|
|a (048.8)
|2 2011
|
| 245 |
0 |
0 |
|a Nitra Lelke
|
| 264 |
|
1 |
|a Nitra
|b Faith
|c 1940
|
| 300 |
|
|
|a 48 strán, 20 strán obrazových príloh
|b fotografie
|c 24 cm
|
| 336 |
|
|
|a text
|b txt
|2 rdacontent
|
| 337 |
|
|
|a bez média
|b n
|2 rdamedia
|
| 338 |
|
|
|a zväzok
|b nc
|2 rdacarrier
|
| 650 |
0 |
7 |
|a dejiny miest
|2 SNKPH
|9 164833
|
| 650 |
0 |
7 |
|a History of cities and towns
|2 SNKPHeng
|9 267901
|
| 651 |
|
7 |
|a Nitra (Slovensko)
|2 SNKPHgeo
|9 15714
|
| 655 |
|
7 |
|a prehľady
|2 SNKPH
|9 70194
|
| 655 |
|
7 |
|a Surveys
|2 SNKPHeng
|9 266058
|
| 852 |
|
|
|a Slovenská národná knižnica
|
| 958 |
|
|
|a OND
|
| 999 |
|
|
|c 780906
|d 782836
|
| 952 |
|
|
|a SNK
|b SNK
|y PREZ
|7 0
|p 17A0847201
|o snkSC 15804
|i snkK 2742/61
|8 3
|0 0
|1 0
|4 0
|d 2020-07-20
|f 1
|l 0
|r 2025-07-18 00:00:00
|w 2026-02-24
|